00527 2200193 4500001002100000005001500021008004100036020002200077035002000099082001000119084001600129100003700145245006300182250001000245260003600255300002200291990001000313990001000323INLIS00000000000973620180306101048180306| ||| | d a978-602-7665-16-3 a0010-03180000090 a297.5 a297.5 LUT b0 aLutfi Kirom Az-ZumaroePengarang10aBacalah Yaasiin ! :bDijamin Hidupmu kaya dan Penuh Berkah aCet 1 aYogyakarta :bDIVA Press,c2012 a148 hlm ;c20,5 m a22082 a15322